000 00518nam a22001817a 4500
005 20171114114231.0
010 _aENG-121324
020 _a9789380514796
_c300.00
035 _aEN-104856
037 _bDBAD/PUB
082 _a158.1
100 _aSancheti, K .H.
245 _aScripting Destiny /
_cby K.H. Sancheti
260 _aPune
_bAmeya Prakashan
_c2011
270 _a207, Business Guild, Law College Road,
_bPune
_e411004
300 _a194 p.
_c22cm (pbk)
942 _2ddc
_cEN
_h158.1
_mSAN
999 _c147393
_d147393